|
|
|
|
| LEADER |
00000cam a2200000 a 4500 |
| 001 |
vtls010681826 |
| 003 |
SK-MaSNL |
| 005 |
20260331210120.0 |
| 008 |
251120s2015 xo a j f000 0 slo |
| 013 |
|
|
|a 288263
|b xo
|c patent
|d 20150402
|e dátum sprístupnenia patentu
|
| 013 |
|
|
|a 5049-2011
|e číslo prihlášky
|d 20111212
|e dátum podania prihlášky
|d 20130702
|e dátum zverejnenia prihlášky (Vestník ÚPV SR č.: 7/2013)
|
| 015 |
|
|
|a SNBN2015
|
| 040 |
|
|
|a SNK
|b slo
|c SNK
|e AACR2
|
| 041 |
0 |
|
|a slo
|
| 044 |
|
|
|a xo
|c SK
|
| 072 |
|
7 |
|a 628
|x Zdravotná technika. Úprava vody. Odpadové hospodárstvo. Svetelná technika
|2 konspekt
|
| 080 |
|
|
|a 628.9
|2 2001
|
| 084 |
|
|
|a G09F 13/00
|2 IPC
|
| 084 |
|
|
|a F21V 7/00
|2 IPC
|
| 084 |
|
|
|a H01L 33/00
|2 IPC
|
| 084 |
|
|
|a F21Y 101/00
|2 IPC
|
| 100 |
1 |
|
|a Vrábeľ, Milan
|4 org
|9 401280
|
| 245 |
1 |
0 |
|a Svetelný panel s obvodovým rovinným nasvetľovaním LED diódami
|c Milan Vrábeľ ; patent. zást. Štefan Kováčik
|
| 260 |
|
|
|a [Banská Bystrica]
|b Úrad priemyselného vlastníctva SR
|c [2015]
|
| 300 |
|
|
|a 7 s.
|b obr.
|c 30 cm
|
| 650 |
0 |
7 |
|a svetelná technika
|2 SNKPH
|9 68471
|
| 650 |
0 |
7 |
|a Lighting technology
|2 SNKPHeng
|9 318618
|
| 655 |
|
7 |
|a patenty
|2 SNKPH
|9 177343
|
| 655 |
|
7 |
|a patent licenses
|2 SNKPHeng
|9 303430
|
| 700 |
1 |
|
|a Kováčik, Štefan
|4 oth
|9 11788
|
| 710 |
2 |
|
|a S PoweR export - import (Bratislava, Slovensko)
|4 pth
|9 659083
|
| 852 |
|
|
|a Štátna vedecká knižnica v Banskej Bystrici
|
| 999 |
|
|
|c 1016972
|d 1018902
|
| 952 |
|
|
|a SNK
|b SNK
|y PREZ
|7 0
|p 17A1159117
|o snkSK 288263
|i snk2015/17221
|8 0
|0 0
|1 0
|4 0
|d 2015-06-01
|l 0
|r 2026-02-24 13:12:25
|w 2026-02-24
|